000 02268cam a22003735i 4500
999 _c741
_d741
001 719307
003 SCU
005 20191205163659.0
008 180301s2018 enk e 000 1 eng d
020 _a9780751571899
_q(hbk.)
020 _a075157189X
_q(hbk.)
040 _aYDX
_beng
_cYDX
_dATNSH
_erda
_dATCDL
_dSCU
041 0 _aeng
042 _anbic
082 _aFIC ALB
100 1 _aAlbom, Mitch,
_d1958-
_eauthor.
245 1 0 _aThe next person you meet in heaven /
_cMitch Albom.
260 _aLondon, England :
_bSphere,
_c2018.
264 4 _c©2018.
300 _a213 pages ;
_c23 cm.
336 _atext
_btxt
_2rdacontent.
337 _aunmediated
_bn
_2rdamedia.
338 _avolume
_bnc
_2rdacarrier.
500 _aSequel to The five people you meet in heaven.
520 _aFifteen years ago, in Mitch Albom's beloved novel, The Five People You Meet in Heaven, the world fell in love with Eddie, a grizzled war veteran- turned-amusement park mechanic who died saving the life of a young girl named Annie. Eddie's journey to heaven taught him that every life matters. Now, in this magical sequel, Mitch Albom reveals Annie's story. The accident that killed Eddie left an indelible mark on Annie. It took her left hand, which needed to be surgically reattached. Injured, scarred, and unable to remember why, Annie's life is forever changed by a guilt-ravaged mother who whisks her away from the world she knew. Bullied by her peers and haunted by something she cannot recall, Annie struggles to find acceptance as she grows. When, as a young woman, she reconnects with Paulo, her childhood love, she believes she has finally found happiness. As the novel opens, Annie is marrying Paulo. But when her wedding night day ends in an unimaginable accident, Annie finds herself on her own heavenly journey--and an inevitable reunion with Eddie, one of the five people who will show her how her life mattered in ways she could not have fathomed.
650 0 _aAccident victims
_vFiction.
650 0 _aAmusement parks
_vFiction.
650 0 _aAmusement rides
_vFiction.
650 0 _aFuture life
_vFiction.
650 0 _aHeaven
_vFiction.
650 0 _aDeath
_vFiction.
856 4 2 _uhttp://spydus.lib.scu.edu.tw/bookimage/M10641760.jpg
942 _2ddc
_cFIC